000 00606nam a2200193 i 4500
001 75871
003 ES-MaACL
005 20250831121908.0
007 t|
008 040928s1972 sp ||||1| spa d
100 1 _aGrimberg, Carl.
_960053
245 1 3 _aEl alba de la civilización
_b: el despertar de los pueblos /
_cCarl Grimberg ; [revisión y adaptación, M. Tamayo].
250 _a[1ª ed.].
260 _aMadrid :
_bDaimon,
_c[1972]
300 _a386 p., 16 lám. ;
_c18 cm.
700 1 _aTamayo, Manuel,
_d1917-1977
_9160966
852 _aES-MaACL
_jC-53136
_bR.84825
999 _c75871
_d75871